Gaming Quiz

Random Gaming or Video Games Quiz
Score 0/22 Timer 05:00
3 Plays Today
% Correct
Mario Kart 64
97.1%
Need For Speed: Rivals
58.8%
Crazy Taxi
53.8%
Nascar: The Game
46.5%
F1 2012
41.6%
Gran Turismo 5
39.8%
Excitebike
38.7%
F-Zero
28.6%
Burnout: Paradise
26.3%
Forza Horizon
23%
Sonic and Sega All Stars Racing
21.1%
% Correct
Wave Race 64
19.2%
Cruis'n USA
17.8%
Pole Position
17%
Outrun
15%
Road Rash
14.7%
LittleBigPlanet Karting
11.4%
RC Pro-Am
9.6%
Hydro Thunder
7.7%
Super Off-Road
7%
Rad Racer
7%
Night Driver
2.7%
Remove Ads.
Support Sporcle.
Get the best of Sporcle when you Go Orange. This ad-free experience offers more features, more stats, and more fun while also helping to support Sporcle. Thank you for becoming a member.

You're not logged in!

Compare scores with friends on all Sporcle quizzes.
OR
Log In

Show Comments

Extras

Top Quizzes Today


Score Distribution

Your Account Isn't Verified!

In order to create a playlist on Sporcle, you need to verify the email address you used during registration. Go to your Sporcle Settings to finish the process.

Report this User

Report this user for behavior that violates our Community Guidelines.

Details: